Nilavilē pēcuvōm / (Record no. 61601)

MARC details
000 -LEADER
fixed length control field 00606cam a2200217 i 4500
001 - CONTROL NUMBER
control field sa 65000551
003 - CONTROL NUMBER IDENTIFIER
control field DLC
005 - DATE AND TIME OF LATEST TRANSACTION
control field 20260227112103.0
008 - FIXED-LENGTH DATA ELEMENTS--GENERAL INFORMATION
fixed length control field 811103s1962 ii c 000 1 tamo
010 ## - LIBRARY OF CONGRESS CONTROL NUMBER
LC control number sa 65000551
025 ## - OVERSEAS ACQUISITION NUMBER
Overseas acquisition number PL480:I-T-658
040 ## - CATALOGING SOURCE
Original cataloging agency DLC
Transcribing agency DLC
Modifying agency DLC
050 00 - LIBRARY OF CONGRESS CALL NUMBER
Classification number PL4758.9.R2857
Item number N5
100 1# - MAIN ENTRY--PERSONAL NAME
Personal name Rakunātan̲, N. K.
245 10 - TITLE STATEMENT
Title Nilavilē pēcuvōm /
Statement of responsibility, etc. En̲. Kē. Rakunātan̲.
250 ## - EDITION STATEMENT
Edition statement [1. patippu].
260 ## - PUBLICATION, DISTRIBUTION, ETC.
Place of publication, distribution, etc. Cen̲n̲ai :
Name of publisher, distributor, etc. Vir̲pan̲ai urimai, Pāri Nilaiyam,
Date of publication, distribution, etc. [1962]
300 ## - PHYSICAL DESCRIPTION
Extent 136 p. :
Other physical details port. ;
Dimensions 18 cm.
500 ## - GENERAL NOTE
General note In Tamil.
500 ## - GENERAL NOTE
General note Short stories.

No items available.

Powered by Koha